تاريخ الحضارة و النظم الإسلامية / (رقم التسجيلة. 17892)

تفاصيل مارك
000 -الفاتح
عناصر البيانات ثابتة الطول 00863cam a2200229 i 4500
005 - تاريخ ووقت آخر معاملة
حقل ضبط 20251215115646.0
008 - عناصر البيانات ثابتة الطول
عناصر البيانات ثابتة الطول 250721s2001 jo gr 000 0 ara d
082 14 - رقم تصنيف ديوي العشري
رقم التصنيف 956
رقم المادة م ح ا
100 1# - مدخل رئيسي – اسم شخصي
الاسم الشخصي محاسنة، محمد حسين
علاقة الشخص بالعمل/ دوره مؤلف
245 10 - بيان العنوان
العنوان تاريخ الحضارة و النظم الإسلامية /
بيان المسؤولية تأليف الدكتوره محمد حسين محاسنه.
250 ## - بيان الطبعة
بيان الطبعة الطبعه الاولى.
264 31 - بيانات النشر، التوزيع…إلخ
اسم الناشر، الموزع...إلخ الدكتوره محمد حسين محاسنه،
تاريخ النشر، التوزيع...إلخ 2001.
مكان النشر، التوزيع...إلخ عمان :
300 ## - الوصف المادي
عدد الوحدات المكونة للوعاء 352صفحة.
650 17 - مدخل إضافي بالموضوع - مصطلح موضوعي
مصطلح موضوعي أو اسم جغرافي كعنصر مدخل التاريخ الإسلامي.
650 17 - مدخل إضافي بالموضوع - مصطلح موضوعي
مصطلح موضوعي أو اسم جغرافي كعنصر مدخل الحضارة الإسلامية.
650 17 - مدخل إضافي بالموضوع - مصطلح موضوعي
مصطلح موضوعي أو اسم جغرافي كعنصر مدخل العمارة الإسلامية.
650 17 - مدخل إضافي بالموضوع - مصطلح موضوعي
مصطلح موضوعي أو اسم جغرافي كعنصر مدخل الأحكام السلطانية.
650 17 - مدخل إضافي بالموضوع - مصطلح موضوعي
مصطلح موضوعي أو اسم جغرافي كعنصر مدخل العرب.
650 17 - مدخل إضافي بالموضوع - مصطلح موضوعي
مصطلح موضوعي أو اسم جغرافي كعنصر مدخل علم الكلام.
942 ## - بيانات إضافية (كوها)
نوع التنصيف Dewey Decimal Classification
نوع المادة (كوها) كتب
المقتنيات
حالة السحب حالة الفقدان مصدر التصنيف حالة التلف غير قابل للإعارة المكتبة الرئيسية المكتبة الحالية موقع الرف تاريخ التزويد الرقم المتسلسل Total Checkouts رقم الإستدعاء الباركود تاريخ آخر ظهور تاريخ الفاتورة نوع المادة (كوها) العملة
    Dewey Decimal Classification     المكتبة المركزية المكتبة المركزية الإعارة 06/07/2004 428576   956/محا 428576 28/07/2025 06/07/2004 كتب  
    Dewey Decimal Classification     المكتبة المركزية المكتبة المركزية الإعارة 15/12/2025 428575   956 / م ح ا PLD428575 15/12/2025 15/12/2025 كتب JOD
    Dewey Decimal Classification Unchecked   مكتبة الاميرة بديعة مكتبة الاميرة بديعة الإعارة 06/07/2004 428591   956/محا   28/07/2025 06/07/2004 كتب  
    Dewey Decimal Classification     مكتبة الاميرة بديعة مكتبة الاميرة بديعة الإعارة 06/07/2015 464526   956/محا PLD00336563 28/07/2025 06/07/2015 كتب  
    Dewey Decimal Classification     مكتبة حمزة العامة مكتبة حمزة العامة الإعارة 06/07/2004 428594   956/محا 428594 28/07/2025 06/07/2004 كتب  
    Dewey Decimal Classification Unchecked   مكتبة صويلح العامة مكتبة صويلح العامة الإعارة 06/07/2004 528589   956/محا   28/07/2025 06/07/2004 كتب  
    Dewey Decimal Classification     مكتبة وادي السير العامة مكتبة وادي السير العامة الإعارة 20/02/2016 464533   956/محا PLD00375070 28/07/2025 20/02/2016 كتب  
Implemented & Customized by: BBB with SCIT (Smart Chains for Information Technology)

Powered by Koha